Statistics for MLB 20 Pitchers With the Most Innings Pitched 2017

Click here to take the quiz!

General Stats

  • This quiz has been taken 12 times
  • The average score is 9 of 20

Answer Stats

Team and Number of Innings PitchedPitcher% Correct
Tigers/Astros 206Justin Verlander
100%
Nationals 200.2Max Scherzer
100%
Red Sox 214.1Chris Sale
86%
Indians 203.2Corey Kluber
86%
Nationals 201Gio Gonzalez
57%
Mets 201.1Jacob deGrom
57%
Diamondbacks 202.1Zack Greinke
57%
Cardinals 205Carlos Martinez
43%
Twins 211.1Ervin Santana
43%
Pirates 203Gerrit Cole
43%
Yankees 193.1Luis Severino
43%
Blue Jays 201Marcus Stroman
43%
Red Sox 203.1Rick Porcello
43%
Indians 200Carlos Carrasco
29%
Rays 201Chris Archer
29%
Giants 207.2Jeff Samardzija
14%
Padres 197.1Clayton Richard
0%
Diamondbacks 189.2Patrick Corbin
0%
Braves 190R.A. Dickey
0%
Brewers 191.1Zach Davies
0%

Score Distribution

Percentile by Number Answered

Percent of People with Each Score

Your Score History

You have not taken this quiz